كيف تعمل القاطرة : (رقم التسجيلة. 31736)

تفاصيل مارك
000 -LEADER
fixed length control field 00708nam a22002057a 4500
005 - DATE AND TIME OF LATEST TRANSACTION
control field 20251108165814.0
008 - FIXED-LENGTH DATA ELEMENTS--GENERAL INFORMATION
fixed length control field 250721s1980 xx 000 0 ara d
082 14 - DEWEY DECIMAL CLASSIFICATION NUMBER
Classification number ط/625.22/كار
100 1# - MAIN ENTRY--PERSONAL NAME
Personal name كاري، داود
245 10 - TITLE STATEMENT
Title كيف تعمل القاطرة :
Remainder of title قاطرة الديزل و القاطرة الكهربائيه /
264 1# - PRODUCTION, PUBLICATION, DISTRIBUTION, MANUFACTURE, AND COPYRIGHT NOTICE
Place of production, publication, distribution, manufacture بيروت :
Name of producer, publisher, distributor, manufacturer مكتبة لبنان،
Date of production, publication, distribution, manufacture, or copyright notice 1980.
300 ## - PHYSICAL DESCRIPTION
Extent 51ص: مص
490 0# - SERIES STATEMENT
Series statement ليديبرد: كيف تعمل ؛10
650 17 - SUBJECT ADDED ENTRY--TOPICAL TERM
Topical term or geographic name as entry element القطارات
653 ## - INDEX TERM--UNCONTROLLED
Uncontrolled term ناشاون صغار (10-14) سنه
700 1# - ADDED ENTRY--PERSONAL NAME
Personal name عابدين، علاء الدين
Relator term ترجمة
700 1# - ADDED ENTRY--PERSONAL NAME
Personal name الخطيب، أحمد شفيق
942 ## - ADDED ENTRY ELEMENTS (KOHA)
Source of classification or shelving scheme Dewey Decimal Classification
Koha item type كتب
المقتنيات
حالة السحب حالة الفقدان مصدر التصنيف حالة التلف غير قابل للإعارة المكتبة الرئيسية المكتبة الحالية موقع الرف تاريخ التزويد الرقم المتسلسل Total Checkouts رقم الإستدعاء الباركود تاريخ آخر ظهور تاريخ الفاتورة نوع المادة (كوها)
    Dewey Decimal Classification     مكتبة الاميرة بديعة مكتبة الاميرة بديعة الأطفال 14/05/2009 1273198   ط/625.22/كار PLD00090911 28/07/2025 14/05/2009 كتب
    Dewey Decimal Classification     مكتبة الياسمين للأطفال مكتبة الياسمين للأطفال الأطفال 26/03/2014 557283   ط/625.22/كار PLD00296686 28/07/2025 26/03/2014 كتب
    Dewey Decimal Classification     مكتبة حمزة العامة مكتبة حمزة العامة الأطفال 14/05/2009 1273196   ط/625.22/كار PLD00090909 28/07/2025 14/05/2009 كتب
    Dewey Decimal Classification     مكتبة مؤتة مكتبة مؤتة الأطفال 14/05/2009 1273197   ط/625.22/كار PLD00090910 28/07/2025 14/05/2009 كتب
    Dewey Decimal Classification     مكتبة وادي السير العامة مكتبة وادي السير العامة الأطفال 14/05/2009 1273195   ط/625.22/كار PLD00090908 28/07/2025 14/05/2009 كتب
    Dewey Decimal Classification     مكتبة ومركز فرح مكتبة ومركز فرح الأطفال 14/05/2009 1273199   ط/625.22/كار PLD00090912 28/07/2025 14/05/2009 كتب
Implemented & Customized by: BBB with SCIT (Smart Chains for Information Technology)

Powered by Koha